000 02206 a2200229 4500
001 41114
005 20260407155705.0
008 260407a2010 arg spa d
003 AR-UNSa-BCEJYS
040 _aAR-UNSa-BCEJYS
_bspa
_cAR-UNSa-BCEJYS
080 _a347.72
_xSociedades comerciales
245 1 0 _aCurso de derecho de las sociedades comerciales
020 _a978-950-894-813-7
264 1 _aBuenos Aires :
_bAD-HOC
_c2010
300 _a878 p.
_c23 cm.
505 _a1. Introducción: derecho de las sociedades, concepto de sociedad y relación con la empresa - 2. Constitución de las sociedades. Elementos generales y específicos - 3. La forma societaria: concepto, importancia y relación con la publicidad y registración mercantil - 4. Otros elementos de la sociedad. Patrimonio, capital social, objeto, domicilio, nombre social y fondo de comercio - 5. Organización y personalidad - 6. Nulidad e irregularidad - 7. Los socios - 8. Documentación y contabilidad social - 9. Nacionalidad y extraterritorialidad societaria - 10. Transformación, fusión y escisión - 11. Resolución, disolución y liquidación - 12. Prórroga, reconducción y reactivación - 13. Intervención de sociedades - 14. La sociedad civil - 15. Clasificación de las sociedades comerciales. Sociedad colectiva y sociedad en comandita simple - 16. Sociedad de capital e industria y sociedad accidental o en participación - 17. Sociedad de responsabilidad limitada - 18. La sociedad anónima: aspectos generales - 19. El órgano de gobierno de la sociedad anónima: la asamblea - 20. El órgano de administación de la sociedad anónima: el directorio - 21. Los órganos de fiscalización privada de la sociedad anónima: sindicatura y consejo de vigilancia - 22. Sociedad en comandita por acciones - 23. La sociedad de economía mixta, la sociedad del estado y la sociedad anónima con participación estatal mayoritaria - 24. Agrupaciones de colaboración y uniones transitorias de empresas
041 _aspa
942 _cBK
590 _aniveau_biblio:m niveau_hierar:0
100 1 _aBalbín, Sebastián
856 4 1 _uhttps://biblioeco.unsa.edu.ar/pmb/images/libros/L126381.jpg
_yImagen de portada
_qimage/jpeg
999 _c3382
_d3382